[Event "10th American Continental"]
[Site "Montevideo URU"]
[Date "2015.05.17"]
[Round "3.47"]
[White "Granara Barreto, Sebastian"]
[Black "Blanchard, Marcel"]
[Result "1-0"]
[WhiteTitle "FM"]
[WhiteElo "2147"]
[BlackElo "1804"]
[WhiteFideId "3000494"]
[BlackFideId "3000214"]
[EventDate "2015.05.15"]
[EventType "swiss"]

1. d4 c5 2. d5 Nf6 3. c4 b5 4. Qc2 Na6 5. a3 bxc4 6. e4 d6 7. Bxc4 Nc7 8. Nc3 g6
9. Nf3 Bg7 10. h3 O-O 11. O-O Nd7 12. Bf4 a5 13. Rfe1 f6 14. Na4 Ba6 15. Bd2
Bxc4 16. Qxc4 f5 17. Bc3 Bxc3 18. Nxc3 Rb8 19. Rab1 fxe4 20. Qxe4 Nf6 21. Qxe7
Qxe7 22. Rxe7 Ncxd5 23. Nxd5 Nxd5 24. Ra7 Rf7 25. Rxf7 Kxf7 26. Rd1 Ke6 27. Ng5+
Ke5 28. Rd2 Rb7 29. g3 Nf6 30. Kg2 d5 31. Re2+ Kd4 32. Ne6+ Kd3 33. Kf1 Ne4 34.
Rxe4 Rxb2 35. Nxc5+ Kc2 36. Re2+ Kb1 37. Rxb2+ Kxb2 38. Ke2 Kxa3 39. Kd3 Kb4 40.
Kd4 h6 41. f4 1-0

[Event "10th American Continental"]
[Site "Montevideo URU"]
[Date "2015.05.17"]
[Round "3.48"]
[White "Gomes, Marco Tulio"]
[Black "Pichuaga, Juan Pablo"]
[Result "1/2-1/2"]
[WhiteElo "1883"]
[BlackElo "2141"]
[WhiteFideId "2115271"]
[BlackFideId "3000451"]
[EventDate "2015.05.15"]
[EventType "swiss"]

1. e4 c5 2. Nc3 Nc6 3. g3 g6 4. Bg2 Bg7 5. d3 d6 6. f4 e6 7. Nf3 Nge7 8. O-O Nd4
9. Ne2 O-O 10. c3 Nxe2+ 11. Qxe2 Rb8 12. Be3 b6 13. h3 Ba6 14. g4 Qc7 15. Ng5
Bc8 16. Qf2 h6 17. Nf3 Ba6 18. Qd2 f5 19. Nh4 Kh7 20. Rad1 Rbd8 21. Kh1 d5 22.
e5 Nc6 23. Rg1 Qf7 24. Qc2 Bb7 25. Bc1 d4 26. Qe2 Rg8 27. Nf3 Bf8 28. g5 h5 29.
c4 Qd7 30. a3 a6 31. a4 Nb4 32. b3 b5 33. axb5 axb5 34. Bb2 Ra8 35. Ra1 Be7 36.
Rxa8 Rxa8 37. Ra1 bxc4 38. bxc4 Qc8 39. Kh2 Rxa1 40. Bxa1 Qa8 41. Bb2 Bd8 42.
Ne1 Ba5 43. Bxb7 Qxb7 44. Ba3 1/2-1/2

[Event "10th American Continental"]
[Site "Montevideo URU"]
[Date "2015.05.17"]
[Round "3.49"]
[White "Lopez Falcon, Jorge"]
[Black "Pena Canapa, Alfredo"]
[Result "1-0"]
[WhiteElo "2138"]
[BlackElo "1785"]
[WhiteFideId "3000850"]
[BlackFideId "3003140"]
[EventDate "2015.05.15"]
[EventType "swiss"]

1. d4 Nf6 2. c4 c5 3. d5 b5 4. cxb5 a6 5. e3 g6 6. Nc3 Bg7 7. Nf3 O-O 8. a4 Bb7
9. e4 e6 10. Be2 axb5 11. Bxb5 exd5 12. exd5 Re8+ 13. Be2 Qe7 14. O-O Qd6 15.
Bc4 Na6 16. Nb5 Qb6 17. Bf4 Ne4 18. Qb3 Qf6 19. Nc7 Nxc7 20. Bxc7 Ba6 21. Bxa6
Qxa6 22. Qb5 d6 23. Rfe1 Qa7 24. Bb6 Qb7 25. Rad1 Nf6 26. Rxe8+ Rxe8 27. a5 Rb8
28. Qc6 Ne4 29. Nd2 Nxd2 30. Rxd2 Qe7 31. Rd1 Re8 32. Rf1 Bxb2 33. a6 Qe2 34. a7
Qa6 1-0

[Event "10th American Continental"]
[Site "Montevideo URU"]
[Date "2015.05.17"]
[Round "3.50"]
[White "Gomez Troccoli, Martin"]
[Black "Michailov, Matias"]
[Result "0-1"]
[WhiteElo "1761"]
[BlackElo "2137"]
[WhiteFideId "3006778"]
[BlackFideId "3001571"]
[EventDate "2015.05.15"]
[EventType "swiss"]

1. e4 e5 2. Nf3 Nc6 3. Bc4 Bc5 4. d3 Nf6 5. Bg5 d6 6. h3 Be6 7. Bb3 h6 8. Be3
Bb6 9. Nc3 d5 10. exd5 Nxd5 11. Nxd5 Bxd5 12. Bxd5 Qxd5 13. Bxb6 axb6 14. a3 O-O
15. O-O f5 16. Re1 Rae8 17. c4 Qf7 18. Nd2 Rd8 19. Qc2 Rfe8 20. Nf3 Qg6 21. b4
Nd4 22. Nxd4 Rxd4 23. c5 b5 24. Qb3+ Qf7 25. Qc3 Qd5 26. Re3 f4 27. Rf3 g5 28.
Qd2 h5 29. Rg3 Qd8 30. Qa2+ Kg7 31. Rf1 fxg3 32. fxg3 Rf8 33. Re1 Qf6 34. Qe2 h4
35. gxh4 gxh4 0-1

[Event "10th American Continental"]
[Site "Montevideo URU"]
[Date "2015.05.17"]
[Round "3.54"]
[White "Andrade, Roberto Luiz Costa"]
[Black "Lanzilotta, Marcelo"]
[Result "1-0"]
[WhiteTitle "FM"]
[WhiteElo "2177"]
[BlackElo "2006"]
[WhiteFideId "2101521"]
[BlackFideId "3001750"]
[EventDate "2015.05.15"]
[EventType "swiss"]

1. e4 c5 2. Nf3 Nc6 3. d4 cxd4 4. Nxd4 g6 5. Nxc6 dxc6 6. Qxd8+ Kxd8 7. Bc4 Ke8
8. a4 Bg7 9. O-O Nf6 10. Nc3 b6 11. Rd1 Bb7 12. f3 e6 13. Bf4 Nd7 14. Bd6 Be5
15. f4 Bxd6 16. Rxd6 a5 17. f5 Ke7 18. Rad1 gxf5 1-0

[Event "10th American Continental"]
[Site "Montevideo URU"]
[Date "2015.05.17"]
[Round "3.55"]
[White "Chemin, Justo Reinaldo"]
[Black "Braga, Jose Pereira"]
[Result "1-0"]
[WhiteTitle "FM"]
[WhiteElo "2135"]
[BlackElo "1911"]
[WhiteFideId "2101580"]
[BlackFideId "2103435"]
[EventDate "2015.05.15"]
[EventType "swiss"]

1. d4 d5 2. c4 Nf6 3. Nf3 e6 4. g3 c5 5. cxd5 exd5 6. Bg2 Nc6 7. O-O Be7 8. Nc3
O-O 9. Bg5 cxd4 10. Nxd4 h6 11. Be3 a6 12. Rc1 Be6 13. Nxc6 bxc6 14. Na4 Bd7 15.
Bb6 Qb8 16. b3 Ba3 17. Bc5 Bxc1 18. Bxf8 Qxf8 19. Qxc1 Qb4 20. Qc5 Qb5 21. e3
Rb8 22. Qc2 a5 23. Rc1 Be8 24. h3 Rd8 25. Nc5 Nd7 26. Nd3 Rc8 27. a4 Qb6 28.
Bxd5 c5 29. Nf4 Ne5 30. Qf5 Qc7 31. Nd3 Nxd3 32. Qxd3 Qb6 33. h4 Rd8 34. Qc4 Rc8
35. e4 Kf8 36. e5 Qc7 37. e6 fxe6 38. Bxe6 Bd7 39. Rd1 Bxe6 40. Qxe6 Re8 41.
Qf5+ Kg8 42. Rd7 Re1+ 43. Kh2 Qe5 44. Rd8+ 1-0

[Event "10th American Continental"]
[Site "Montevideo URU"]
[Date "2015.05.17"]
[Round "3.56"]
[White "Gauche, Eduardo"]
[Black "Daneri, Martin"]
[Result "1/2-1/2"]
[BlackTitle "CM"]
[WhiteElo "1927"]
[BlackElo "2109"]
[WhiteFideId "2128209"]
[BlackFideId "104981"]
[EventDate "2015.05.15"]
[EventType "swiss"]

1. d4 f5 2. e4 fxe4 3. Nc3 Nf6 4. Bg5 Nc6 5. d5 Ne5 6. Qe2 Nf7 7. Bxf6 exf6 8.
Nxe4 Be7 9. d6 cxd6 10. O-O-O O-O 11. f4 b6 12. Qc4 Bb7 13. Nc3 Rc8 14. Qb3 d5
15. Nxd5 Bc5 16. Bd3 Kh8 17. Nf3 a5 18. a4 Nh6 19. h3 Rc6 20. Rhe1 Rd6 21. Nc3
Re8 22. Nb5 Rde6 23. Rxe6 Rxe6 24. Bxh7 Qe7 25. Bd3 Bxf3 26. gxf3 Re1 27. Nc3
Qe3+ 28. Kb1 Rxd1+ 29. Nxd1 Qxf3 30. Nc3 Qxh3 31. Qd5 Qe6 32. Qa8+ 1/2-1/2

[Event "10th American Continental"]
[Site "Montevideo URU"]
[Date "2015.05.17"]
[Round "3.57"]
[White "Genro, Guilherme"]
[Black "Sopko, Cassio Roberto"]
[Result "1-0"]
[WhiteElo "2096"]
[BlackElo "1930"]
[WhiteFideId "2173654"]
[BlackFideId "2167867"]
[EventDate "2015.05.15"]
[EventType "swiss"]

1. e4 e5 2. Nf3 Nf6 3. d3 Nc6 4. g3 d5 5. Nbd2 Bc5 6. Bg2 Bg4 7. O-O dxe4 8.
dxe4 Qd7 9. c3 O-O-O 10. Qc2 a6 11. Nc4 Bxf3 12. Bxf3 Qd3 13. Qxd3 Rxd3 14. Kg2
b5 15. Ne3 Rdd8 16. Nf5 Bf8 17. Bg5 Ne7 18. Nh6 gxh6 19. Bxf6 Rg8 20. Bh5 Rg6
21. Bxg6 hxg6 22. Bxe5 Rd2 23. Rab1 Nc6 24. Bf4 Rc2 25. Rfc1 Rxc1 26. Rxc1 g5
27. Be3 Ne5 28. Rd1 Nc4 29. b3 Nd6 30. Bc5 1-0

[Event "10th American Continental"]
[Site "Montevideo URU"]
[Date "2015.05.17"]
[Round "3.58"]
[White "Cao, Jorge"]
[Black "Manzi, Luiz Antonio Bardaro"]
[Result "1/2-1/2"]
[WhiteElo "1929"]
[BlackElo "2091"]
[WhiteFideId "3000109"]
[BlackFideId "2102641"]
[EventDate "2015.05.15"]
[EventType "swiss"]

1. d4 Nf6 2. c4 e6 3. Nf3 d5 4. Bg5 Be7 5. Nc3 Nbd7 6. e3 h6 7. Bh4 Ne4 8. Bxe7
Qxe7 9. Qc2 Nxc3 10. bxc3 O-O 11. Bd3 c5 12. O-O dxc4 13. Bxc4 Nb6 14. Be2 Bd7
15. a4 cxd4 16. cxd4 Rac8 17. Qb3 Bc6 18. a5 Nd7 19. Rfc1 Qf6 20. Bb5 Bd5 21.
Qa4 Nb8 22. Ne5 Qg5 23. Bf1 Qe7 24. Bc4 Nc6 25. Bxd5 Nxe5 26. Bxb7 Qxb7 27. dxe5
Qb2 28. Rxc8 Rxc8 29. h3 Qxe5 30. Rd1 1/2-1/2

[Event "10th American Continental"]
[Site "Montevideo URU"]
[Date "2015.05.17"]
[Round "3.59"]
[White "Benoit, Rodrigo"]
[Black "Quevedo, Andreina"]
[Result "1-0"]
[WhiteElo "2088"]
[BlackElo "1661"]
[WhiteFideId "3005151"]
[BlackFideId "3004147"]
[EventDate "2015.05.15"]
[EventType "swiss"]

1. d4 Nf6 2. g3 g6 3. Bg2 Bg7 4. e4 d6 5. Ne2 O-O 6. O-O Nbd7 7. h3 e5 8. d5 Nc5
9. b4 Na6 10. a3 Ne8 11. c4 f5 12. Nbc3 Nf6 13. exf5 gxf5 14. f4 e4 15. Be3 c5
16. dxc6 bxc6 17. b5 cxb5 18. cxb5 Nc5 19. Bxc5 dxc5 20. Qb3+ Kh8 21. Na4 Qe7
22. Rac1 Be6 23. Qe3 Rac8 24. Nac3 Rfd8 25. Rfd1 Nd5 26. Nxd5 Bxd5 27. Bf1 Qd6
28. Nc3 Bd4 29. Rxd4 cxd4 30. Qxd4+ Kg8 31. Rd1 Qxa3 32. Nxd5 Qxg3+ 33. Kh1 Qg7
34. Nf6+ Kf7 35. Bc4+ Kf8 36. Qxd8+ Rxd8 37. Rxd8+ Ke7 38. Rd7+ Kxf6 39. Rxg7
Kxg7 40. Kg2 Kg6 41. Kf2 Kh5 42. Be6 Kg6 43. Ke3 Kf6 44. Bc4 Kg6 45. Kd4 Kh5 46.
Be6 Kg6 47. Ke5 1-0

[Event "10th American Continental"]
[Site "Montevideo URU"]
[Date "2015.05.17"]
[Round "3.60"]
[White "Toledo, Javier"]
[Black "Hirota da Silva, Nilton"]
[Result "1/2-1/2"]
[WhiteElo "1769"]
[BlackElo "2045"]
[WhiteFideId "3007502"]
[BlackFideId "2101700"]
[EventDate "2015.05.15"]
[EventType "swiss"]

1. e4 c6 2. d4 d6 3. Nc3 e5 4. Nf3 Nd7 5. Bc4 Be7 6. O-O Qc7 7. a4 h6 8. h3 Ngf6
9. Re1 O-O 10. dxe5 dxe5 11. Nh4 Nb6 12. Bb3 Be6 13. Bxe6 fxe6 14. Ng6 Rf7 15.
Nxe7+ Qxe7 16. b3 Rd8 17. Qe2 Nh7 18. Ba3 Qh4 19. Rad1 Rxd1 20. Rxd1 Nd7 21. Rd6
Ndf8 22. Bb2 Ng5 23. Rd3 Ng6 24. Bc1 Nf4 25. Bxf4 Qxf4 26. Qe3 Qxe3 27. Rxe3 Rd7
28. Re2 Kf8 29. Kf1 Ke7 30. Ke1 Rd4 31. f3 Nf7 32. Nd1 Rd8 33. Ne3 Rd7 1/2-1/2

[Event "10th American Continental"]
[Site "Montevideo URU"]
[Date "2015.05.17"]
[Round "3.61"]
[White "Areco, Antonio"]
[Black "Idiarte Borda, Jorge"]
[Result "0-1"]
[WhiteElo "1746"]
[BlackElo "2035"]
[WhiteFideId "139190"]
[BlackFideId "3000842"]
[EventDate "2015.05.15"]
[EventType "swiss"]

1. c4 g6 2. Nf3 d6 3. d4 Bg7 4. Nc3 Nf6 5. e4 O-O 6. Bd3 Nc6 7. d5 Nb4 8. Be2 c6
9. O-O a5 10. h3 Bd7 11. Be3 Qc8 12. Kh2 c5 13. a3 Na6 14. Qd2 Nc7 15. Ng1 Qe8
16. a4 h5 17. f4 e6 18. e5 dxe5 19. Bxc5 exd5 20. cxd5 exf4 21. Bxf8 Qxf8 22. d6
Ne6 23. Nf3 Bc6 24. Bb5 Nd7 25. Bxc6 bxc6 26. Ne4 Qd8 27. Rfc1 Qb6 28. Rab1 c5
29. Nfg5 Nd4 30. b3 Rb8 31. Qd1 f5 32. Nc3 Qxd6 33. Nf3 Nxf3+ 34. Qxf3 Nf6 35.
Nb5 Qd2 36. Rd1 Qe3 37. Rd3 Qe5 38. Rbd1 Ne4 39. Rd5 Qb2 40. Rd8+ Rxd8 41. Rxd8+
Kh7 42. Rd7 Qe5 43. Na3 Ng5 44. Qd5 Qe1 45. Qd1 Qg3+ 46. Kh1 Ne4 47. Qf3 Qe1+
48. Kh2 Nf2 49. Qxf4 Qh1+ 50. Kg3 Ne4+ 51. Kf3 Qe1 52. Nc4 Qf2# 0-1

[Event "10th American Continental"]
[Site "Montevideo URU"]
[Date "2015.05.17"]
[Round "3.62"]
[White "Rodrigues, Julliano de Araujo"]
[Black "Chang, Suzana"]
[Result "0-1"]
[BlackTitle "WFM"]
[WhiteElo "1808"]
[BlackElo "2022"]
[WhiteFideId "2127288"]
[BlackFideId "2105985"]
[EventDate "2015.05.15"]
[EventType "swiss"]

1. e4 c5 2. Nf3 e6 3. d4 cxd4 4. Nxd4 a6 5. Bd3 Qc7 6. O-O Bc5 7. Nb3 Be7 8. Qg4
g6 9. Bf4 d6 10. Nc3 Nf6 11. Qe2 Nbd7 12. Rad1 Ne5 13. Qd2 O-O 14. Be2 b5 15. a3
Bb7 16. f3 Rfd8 17. Nc1 Rac8 18. Nd3 Nc4 19. Qc1 Nxb2 20. Nxb5 Nxd3 21. Bxd3
axb5 22. Qb2 Qc5+ 23. Kh1 e5 24. Bg5 Qc3 25. Qc1 d5 26. f4 dxe4 27. fxe5 Qxe5
28. Rde1 Ng4 29. Bf4 Qc5 30. Bxe4 Bxe4 31. Rxe4 Nf2+ 32. Rxf2 Qxf2 33. Rxe7 Rxc2
34. Qg1 Qxg1+ 0-1

[Event "10th American Continental"]
[Site "Montevideo URU"]
[Date "2015.05.17"]
[Round "3.63"]
[White "Porteiro, Rodrigo"]
[Black "Cardoso Pimenta, Ciro Jose"]
[Result "0-1"]
[WhiteElo "1727"]
[BlackElo "2066"]
[WhiteFideId "3006140"]
[BlackFideId "2118599"]
[EventDate "2015.05.15"]
[EventType "swiss"]

1. e4 e5 2. Nf3 d6 3. d4 Nd7 4. Bc4 c6 5. O-O Be7 6. Nc3 b5 7. Bb3 Ngf6 8. Re1
b4 9. Nb1 O-O 10. Nbd2 Qc7 11. c3 a5 12. Nf1 c5 13. d5 c4 14. Bc2 Nc5 15. Ng3
Rb8 16. Bd2 g6 17. h3 b3 18. axb3 cxb3 19. Bb1 Ba6 20. Bh6 Rfc8 21. Qd2 Nfd7 22.
Rc1 Nb6 23. Ne1 Nc4 24. Qe2 a4 25. Be3 a3 26. Bd3 Nxd3 27. Qxd3 axb2 28. Bh6
bxc1=Q 29. Rxc1 b2 30. Rb1 Na3 31. Qf3 Nxb1 32. Nh5 Qd8 33. Bg7 Rxc3 34. Qg4
gxh5 0-1

[Event "10th American Continental"]
[Site "Montevideo URU"]
[Date "2015.05.17"]
[Round "3.64"]
[White "Ibanez, Juan Rodrigo"]
[Black "Nakle, Gonzalo"]
[Result "1-0"]
[WhiteTitle "CM"]
[WhiteElo "2059"]
[BlackElo "1737"]
[WhiteFideId "3002071"]
[BlackFideId "3002250"]
[EventDate "2015.05.15"]
[EventType "swiss"]

1. e4 c5 2. Nf3 Nc6 3. d4 cxd4 4. Nxd4 Nf6 5. Nc3 e6 6. Nxc6 bxc6 7. Bd3 d6 8.
O-O Be7 9. b3 e5 10. Bc4 Be6 11. Bxe6 fxe6 12. Qe2 O-O 13. Bb2 Qe8 14. Rad1 Nh5
15. g3 Qg6 16. Kh1 Nf6 17. f3 Rf7 18. Ba3 d5 19. Bb2 Re8 20. Rde1 Bb4 21. a3
Bxc3 22. Bxc3 d4 23. Bb4 Qh6 24. Bd6 Nd7 25. b4 Qg5 26. Rd1 Qh5 27. Qg2 Nb6 28.
Qe2 Na4 29. Rde1 Nc3 30. Qd3 Rf6 31. Rf2 Rh6 32. f4 exf4 33. Bxf4 Rf6 34. Qxd4
Nb5 35. Qd7 e5 36. Be3 Rxf2 37. Bxf2 Qf3+ 38. Kg1 Rf8 39. Bc5 Nd4 40. Bxf8 Kxf8
41. Qxd4 exd4 42. Rf1 Qxf1+ 43. Kxf1 Ke7 44. Ke2 Ke6 45. Kd3 Ke5 46. a4 a6 47.
a5 g5 48. g4 h6 49. h3 Ke6 50. Kxd4 Kd6 51. e5+ Ke6 52. Ke4 1-0

[Event "10th American Continental"]
[Site "Montevideo URU"]
[Date "2015.05.17"]
[Round "3.65"]
[White "De Haro, Martim Afonso Palma"]
[Black "Pereira, Armando Scharlau"]
[Result "1-0"]
[WhiteElo "2048"]
[BlackElo "1717"]
[WhiteFideId "2101653"]
[BlackFideId "2122006"]
[EventDate "2015.05.15"]
[EventType "swiss"]

1. d4 Nf6 2. c4 e6 3. g3 d5 4. Nf3 Be7 5. Bg2 O-O 6. O-O c6 7. Nbd2 b6 8. Qc2
Bb7 9. e4 dxe4 10. Nxe4 Nxe4 11. Qxe4 Nd7 12. Bf4 Nf6 13. Qc2 c5 14. Rad1 Qc8
15. Rfe1 cxd4 16. Be5 h6 17. Rxd4 Rd8 18. Rxd8+ Qxd8 19. Nd4 Bxg2 20. Kxg2 Qd7
21. Qe2 Qb7+ 22. Qf3 Qxf3+ 23. Kxf3 Rc8 24. b3 Kf8 25. h3 Nd7 26. Bf4 Bb4 27.
Rd1 Nf6 28. Nb5 a5 29. g4 Ne8 30. Rd7 f6 31. Rb7 e5 32. Be3 Bc5 33. Bxc5+ bxc5
34. Ra7 Rd8 35. Ke2 h5 36. Rxa5 hxg4 37. hxg4 1-0

[Event "10th American Continental"]
[Site "Montevideo URU"]
[Date "2015.05.17"]
[Round "3.67"]
[White "Rodriguez Farias, Eduardo"]
[Black "Reolon, Victor"]
[Result "1-0"]
[WhiteElo "1956"]
[BlackElo "1711"]
[WhiteFideId "3005062"]
[BlackFideId "3002942"]
[EventDate "2015.05.15"]
[EventType "swiss"]

1. e4 e6 2. d4 d5 3. e5 c5 4. c3 Nc6 5. Nf3 Qc7 6. a3 f6 7. Bf4 cxd4 8. cxd4
Nge7 9. Bd3 Nf5 10. Nc3 Ncxd4 11. Nxd4 Nxd4 12. Qa4+ Nc6 13. exf6 e5 14. O-O
exf4 15. Nxd5 Qd8 16. Qxf4 Bd6 17. fxg7 Rg8 18. Rfe1+ Ne7 19. Bb5+ Bd7 20. Qxd6
Rxg7 21. Bxd7+ Qxd7 22. Nf6+ 1-0

[Event "10th American Continental"]
[Site "Montevideo URU"]
[Date "2015.05.17"]
[Round "3.68"]
[White "Dominguez, Facundo"]
[Black "Larrea, Daniela"]
[Result "0-1"]
[WhiteElo "1947"]
[BlackElo "1705"]
[WhiteFideId "3005178"]
[BlackFideId "3003000"]
[EventDate "2015.05.15"]
[EventType "swiss"]

1. e4 c5 2. Nc3 d6 3. g3 Nf6 4. Bg2 g6 5. d3 Bg7 6. f4 Nc6 7. Nf3 Bg4 8. Be3 Nd4
9. h3 Bxf3 10. Bxf3 Nxf3+ 11. Qxf3 Qc7 12. O-O Rb8 13. a4 a6 14. Ne2 Qc6 15. Qf2
Qc8 16. Qg2 Qc6 17. Nc3 h5 18. Rad1 Nd7 19. f5 Nf6 20. fxg6 fxg6 21. b3 Ng4 22.
hxg4 Bxc3 23. Qf3 Kd7 24. Kg2 h4 25. gxh4 Rxh4 26. Bg5 Rh7 27. Rh1 Rbh8 28. Rxh7
Rxh7 29. Rh1 Rxh1 30. Qf7 Rh8 31. Qxe7+ Kc8 32. Bf4 Qd7 33. Qg5 Be5 34. Bxe5
dxe5 35. Qxg6 Re8 36. Qg5 Qe6 37. Kg3 Rf8 38. Qe3 b6 0-1

[Event "10th American Continental"]
[Site "Montevideo URU"]
[Date "2015.05.17"]
[Round "3.69"]
[White "Pena, Luis"]
[Black "Boff, Andre Ricardo"]
[Result "0-1"]
[WhiteElo "1680"]
[BlackElo "1927"]
[WhiteFideId "3006000"]
[BlackFideId "2154854"]
[EventDate "2015.05.15"]
[EventType "swiss"]

1. e4 e6 2. d4 d5 3. exd5 exd5 4. Be2 Nc6 5. Nf3 Bf5 6. a3 Bd6 7. O-O Nge7 8.
Bg5 f6 9. Bh4 Qd7 10. Nbd2 O-O-O 11. b4 g5 12. Bg3 g4 13. Nh4 Nxd4 14. Bxd6 Bxc2
15. Bxg4 f5 16. Qe1 Qxd6 17. Bh3 Bd3 18. Qe3 Bxf1 19. Qxd4 Ba6 20. Qxa7 Qf6 21.
Re1 c6 22. Ndf3 Kc7 23. Qc5 Rhe8 24. a4 Bc4 25. Re5 Ng6 26. Nxg6 hxg6 27. Qe3
Rxe5 28. Nxe5 g5 29. g3 f4 30. Qd4 Re8 31. gxf4 gxf4 32. a5 Qxe5 33. Qb6+ Kb8
34. Bd7 Rg8+ 0-1

[Event "10th American Continental"]
[Site "Montevideo URU"]
[Date "2015.05.17"]
[Round "3.70"]
[White "Guisande, Fernando"]
[Black "De la Torre, Andres"]
[Result "1-0"]
[WhiteElo "1898"]
[BlackElo "1699"]
[WhiteFideId "3002918"]
[BlackFideId "3005186"]
[EventDate "2015.05.15"]
[EventType "swiss"]

1. e4 g6 2. d4 Bg7 3. c4 d6 4. Nc3 Nf6 5. Nf3 O-O 6. h3 c5 7. Be3 cxd4 8. Nxd4
Nc6 9. Be2 Nxd4 10. Bxd4 Be6 11. O-O Qc8 12. b3 Nh5 13. Bxh5 gxh5 14. Bxg7 Kxg7
15. Qxh5 Rg8 16. f4 Kh8 17. f5 Qc5+ 18. Kh1 f6 19. Qh4 Qd4 20. Nb5 Qb2 21. Qf2
Qxf2 22. Rxf2 Bd7 23. Rc1 Bc6 24. Nc3 Rg3 25. Nd5 Bxd5 26. cxd5 Re3 27. Rf4 Rg8
28. g4 Rxh3+ 29. Kg2 Rd3 30. Rc7 h5 31. Rxb7 Rd2+ 32. Kf1 Rxa2 33. Rxe7 Rc8 34.
Rf2 Ra1+ 35. Kg2 hxg4 36. Kg3 Rg1+ 37. Rg2 Rc3+ 38. Kh2 Rxg2+ 39. Kxg2 a5 40.
Rd7 Rxb3 41. Rxd6 Kg7 42. Ra6 Rb4 43. Rxa5 Rxe4 44. Ra7+ Kf8 45. Rd7 Ke8 46. Rd6
Ke7 47. Re6+ Rxe6 48. dxe6 1-0

[Event "10th American Continental"]
[Site "Montevideo URU"]
[Date "2015.05.17"]
[Round "3.71"]
[White "Torres Acosta, Raul"]
[Black "Gomes, Carlos Henrique Caldeira"]
[Result "0-1"]
[WhiteElo "1677"]
[BlackElo "1894"]
[WhiteFideId "3006174"]
[BlackFideId "2120160"]
[EventDate "2015.05.15"]
[EventType "swiss"]

1. e4 c6 2. d4 d5 3. Nc3 dxe4 4. Nxe4 Bf5 5. Ng3 Bg6 6. Nf3 Nd7 7. Bc4 e6 8. O-O
Qc7 9. Re1 Be7 10. Bg5 Ngf6 11. Qe2 Nb6 12. Bb3 Nbd5 13. Ne5 O-O-O 14. f4 Rhe8
15. Nxg6 hxg6 16. Qf3 Nh7 17. Bxe7 Rxe7 18. f5 Nf8 19. fxe6 Nxe6 20. Rad1 Kb8
21. c4 Nf6 22. d5 cxd5 23. cxd5 Ng5 24. Qf2 Rxe1+ 25. Qxe1 Re8 26. Qd2 Nfe4 27.
Nxe4 Nxe4 28. Qd4 Nd6 0-1

[Event "10th American Continental"]
[Site "Montevideo URU"]
[Date "2015.05.17"]
[Round "3.72"]
[White "Ortiz, Jorge"]
[Black "Pelaez, Diego"]
[Result "1/2-1/2"]
[WhiteElo "1894"]
[BlackElo "1567"]
[WhiteFideId "113972"]
[BlackFideId "3006476"]
[EventDate "2015.05.15"]
[EventType "swiss"]

1. e4 g6 2. d4 Bg7 3. Nf3 d6 4. Be2 Nf6 5. Nc3 c5 6. dxc5 Qa5 7. O-O Qxc5 8. Be3
Qc7 9. h3 O-O 10. Qd2 Re8 11. Nd4 a6 12. Rad1 b5 13. a3 Bb7 14. Bf3 Nbd7 15. Bh6
Bxh6 16. Qxh6 Ne5 17. Rfe1 Nc4 18. Qc1 e6 19. Nb1 Ne5 20. Nc3 Rad8 21. Qg5 Kg7
22. Qc1 h6 23. g3 Nh7 24. Bg2 Nd7 25. Qd2 Ne5 26. b3 Nf6 27. f4 Nc6 28. Qe3 Nxd4
29. Qxd4 Qc5 30. Qxc5 dxc5 31. e5 Nd5 32. Ne4 c4 33. bxc4 bxc4 34. Nd6 Re7 35.
Nxc4 Rc7 36. Nd6 Ba8 37. c4 Ne7 38. Nf5+ Nxf5 39. Rxd8 Bxg2 40. Kxg2 Rxc4 41.
Rd3 Ne7 42. Rb1 Nd5 43. Kf3 Ra4 44. Rb8 Ne7 45. Rb4 Ra5 46. Rb8 Nd5 47. g4 Ra4
48. f5 gxf5 49. Kg3 fxg4 50. hxg4 Ne7 51. Rdd8 Rxa3+ 52. Kf2 Ng6 53. Ra8 a5 54.
Ra7 Nxe5 55. Re8 Nxg4+ 56. Ke2 Kf6 57. Rf8 Ne5 58. Rh8 Kg5 59. Rg8+ Kf4 60. Rh8
Ra2+ 61. Kd1 Ng4 62. Rxf7+ Ke3 63. Re7 e5 64. Rg7 Nf2+ 65. Kc1 Nd3+ 66. Kd1 1/2-1/2

[Event "10th American Continental"]
[Site "Montevideo URU"]
[Date "2015.05.17"]
[Round "3.73"]
[White "Montenegro, Claudia"]
[Black "Croes, Octavio"]
[Result "1/2-1/2"]
[BlackTitle "CM"]
[WhiteElo "1628"]
[BlackElo "1887"]
[WhiteFideId "3006719"]
[BlackFideId "1007220"]
[EventDate "2015.05.15"]
[EventType "swiss"]

1. Nf3 Nf6 2. c4 e6 3. g3 c5 4. Bg2 Nc6 5. O-O Be7 6. Nc3 O-O 7. d4 d5 8. cxd5
exd5 9. h3 h6 10. dxc5 Bxc5 11. Na4 Bd6 12. Nc3 Bb4 13. Nb5 Ne4 14. Bf4 Ba5 15.
Qb3 a6 16. Nbd4 Bb6 17. Be3 Na5 18. Qd3 Nc4 19. Qb3 Nxe3 20. Qxe3 Qf6 21. Rad1
Bf5 22. Qb3 Bxd4 23. Nxd4 Be6 24. Qf3 Qe5 25. Qe3 Qg5 26. Qxg5 Nxg5 27. Kh2 Rac8
28. Rc1 b5 29. f4 Nh7 30. f5 Bd7 31. Bxd5 Rfd8 32. Bb7 Rb8 33. Rc7 Nf6 34. Bxa6
Nd5 35. Rc5 Nb4 36. Bxb5 Nxa2 37. b3 Nb4 38. Bxd7 Rxd7 39. e3 Nd5 40. Re1 Nxe3
41. Rxe3 Rxd4 42. Rc2 Rdb4 43. Rb2 Kf8 44. Kg2 Re8 45. Rbe2 Reb8 46. Rb2 R8b6
47. Kf3 Rf6 48. g4 g6 49. Re5 gxf5 1/2-1/2

[Event "10th American Continental"]
[Site "Montevideo URU"]
[Date "2015.05.17"]
[Round "3.74"]
[White "Perez, Jose Luis"]
[Black "Campora, Edgardo"]
[Result "1-0"]
[WhiteElo "1543"]
[BlackElo "1847"]
[WhiteFideId "3001466"]
[BlackFideId "3003612"]
[EventDate "2015.05.15"]
[EventType "swiss"]

1. d4 Nf6 2. c4 g6 3. Nc3 Bg7 4. e4 d6 5. f4 e5 6. dxe5 dxe5 7. Qxd8+ Kxd8 8.
Nf3 exf4 9. Bxf4 c6 10. O-O-O+ Ke7 11. Bd6+ Ke8 12. e5 Ng4 13. Ne4 Bf5 14. h3
Nxe5 15. Nxe5 Bxe4 16. Bd3 f6 17. Nf3 Bxd3 18. Rxd3 Bh6+ 19. Kc2 Kf7 20. Rf1 Rd8
21. c5 Nd7 22. Bc7 Bf8 23. Rfd1 Bxc5 24. Bxd8 1-0